| 000 | 00359nam a2200109Ia 4500 | ||
|---|---|---|---|
| 008 | 160909s9999 xx 000 0 und d | ||
| 100 | _aAnner, John | ||
| 245 | _aBlended Value Accounting and Social Enterprise Success | ||
| 260 |
_bWalden University _c2016 |
||
| 650 | _aFINANCIAL MANAGEMENT | ||
| 856 | _uhttp://pqdtopen.proquest.com/doc/1757740790.html?FMT=ABS | ||
| 999 |
_c304579 _d304579 |
||